Score 0/98 Timer 05:00
0 Plays Today
Scrambled Unscrambled % Correct
OlnyOnly
99.9%
srmatsmart
99.7%
poelpepeople
99.7%
cancan
99.5%
raedread
99.5%
tihs.this.
99.5%
II
99.4%
tahtthat
98.9%
II
98.9%
cdn'uoltcouldn't
98.7%
blveieebelieve
98.6%
cluodcould
98.3%
wahtwhat
98.1%
II
98.1%
waswas
98.1%
uesdnatnrdunderstand
97.8%
TheThe
97.7%
rdanieg.reading.
97.3%
ofof
96.5%
thethe
96.5%
hmuanhuman
96.5%
pweorpower
96.4%
mnid,mind.
96.4%
toto
96.2%
aa
96.2%
aoccdrnigAccording
96.1%
taemteam
96%
atat
96%
rseearchresearch
95.9%
itit
95.7%
CmabrigdeCambridge
95.6%
Uinervtisy,University,
95.6%
mttaermatter
95.5%
Scrambled Unscrambled % Correct
aulacltyactually
95.5%
inin
95.5%
wahtwhat
95.5%
deosn'tdoesn't
95.4%
oredrorder
95.4%
thethe
95.3%
inin
95.2%
aa
95.2%
wrodword
95.1%
are,are
95.1%
thethe
95%
ltteersletters
95%
olnyonly
95%
tihngthing
94.8%
iprmoatntimportant
94.8%
isis
94.8%
tahtthat
94.7%
thethe
94.6%
fristfirst
94.6%
andand
94.5%
lsatlast
94.3%
bebe
94.3%
inin
94.2%
ltteerletter
94.2%
thethe
94.2%
rghitright
94.1%
pclae.place.
94%
TheThe
93.9%
cancan
93.7%
bebe
93.6%
aa
93.6%
rsetrest
93.6%
andand
93.2%
Scrambled Unscrambled % Correct
youyou
93.1%
msesmess
93.1%
cancan
93%
taotltotal
93%
sitllstill
92.9%
raedread
92.8%
itit
92.7%
aa
92.3%
porbelm.problem.
92.1%
TihsThis
92%
isis
92%
wouthitwithout
91.8%
bcuseaebecause
91.7%
thethe
91.7%
huamnhuman
91.5%
mnidmind
91.3%
deosdoes
91.2%
notnot
91.1%
raedread
90.9%
erveyevery
90.7%
lteterletter
90.5%
byby
90.4%
istlef,itself,
90.1%
butbut
90%
thethe
89.9%
wrodword
89.7%
asas
89.6%
aa
89.5%
wlohe.whole.
89.3%
phaonmneelphenomenal
89.1%
AmzanigAmazing
88.9%
huh?huh?
88.7%
Remove Ads.
Support Sporcle.
Get the best of Sporcle when you Go Orange. This ad-free experience offers more features, more stats, and more fun while also helping to support Sporcle. Thank you for becoming a member.

You're not logged in!

Compare scores with friends on all Sporcle quizzes.
OR
Log In

Show Comments

Extras

Top Quizzes Today


Score Distribution

Your Account Isn't Verified!

In order to create a playlist on Sporcle, you need to verify the email address you used during registration. Go to your Sporcle Settings to finish the process.

Report this User

Report this user for behavior that violates our Community Guidelines.

Details: